Normal view
MARC view
Entry Topical Term
001 - CONTROL NUMBER
- control field: 18397
003 - CONTROL NUMBER IDENTIFIER
- control field: dpl
005 - DATE AND TIME OF LATEST TRANSACTION
- control field: 20100904151108.0
008 - FIXED-LENGTH DATA ELEMENTS
- fixed length control field: 100904|||a|||||| | ||| d
040 ## - CATALOGING SOURCE
- Original cataloging agency: dpl
- Transcribing agency: dpl
150 ## - HEADING--TOPICAL TERM
- Topical term or geographic name as entry element: मार्क्सवाद
670 ## - SOURCE DATA FOUND
- Source citation: Work cat.: (dpl)36501: राजिमवाले, अनिल 18396, मार्क्सवादी डाइलेक्टिक्स की मूल समस्याएं /, 2009
670 ## - SOURCE DATA FOUND
- Source citation: Work cat.: (dpl)36501: राजिमवाले, अनिल 18396, मार्क्सवादी डाइलेक्टिक्स की मूल समस्याएं /, 2009
